Statistics for Fortune 500 2018

Click here to take the quiz!

General Stats

  • This quiz has been taken 34 times
  • The average score is 29 of 100

Answer Stats

Revenues ($M)Answer% Correct
$40,653Facebook
77%
$500,343Walmart
74%
$229,234Apple
74%
$89,950Microsoft
74%
$156,776Ford Motor
68%
$122,274General Electric
65%
$157,311General Motors
65%
$30,973General Dynamics
65%
$55,137Disney
65%
$244,363Exxon Mobil
55%
$37,736United Continental Holdings
52%
$201,159UnitedHealth Group
52%
$93,392Boeing
52%
$160,546AT&T
52%
$100,264Bank of America Corp.
48%
$113,899JPMorgan Chase
48%
$126,034Verizon
48%
$35,410Coca-Cola
45%
$71,879Target
45%
$78,660Dell Technologies
45%
$79,139IBM
45%
$62,761Intel
42%
$42,254Goldman Sachs Group
42%
$52,546Pfizer
39%
$110,855Alphabet
39%
$97,741Wells Fargo
39%
$84,526Comcast
35%
$52,056HP
35%
$42,207American Airlines Group
35%
$76,450Johnson & Johnson
35%
$35,583American Express
35%
$37,728Oracle
35%
$100,064.6Express Scripts Holding
35%
$242,137Berkshire Hathaway
35%
$100,904Home Depot
35%
$49,520AIG
32%
$31,271Time Warner
32%
$34,350NIke
32%
$43,642Morgan Stanley
32%
$60,319FedEx
32%
$134,533Chevron
32%
$65,872UPS
32%
$198,533McKesson
32%
$40,122Merck
32%
$184,765CVS Health
29%
$63,525PepsiCo
29%
$42,151Best Buy
29%
$112,394Fannie Mae
29%
$59,689Prudential Financial
29%
$78,330.8State Farm Insurance Cos.
29%
$41,616Cigna
26%
$41,244Delta Air Lines
26%
$177,866Amazon.com
26%
$38,524Allstate
26%
$87,966Citigroup
26%
$31,6573M
26%
$122,662Kroger
26%
$74,676Freddie Mac
26%
$68,619Lowe's
26%
$32,584ConocoPhillips
23%
$51,048Lockheed Martin
23%
$40,534Honeywell International
23%
$48,005Cisco Systems
23%
$45,462Caterpillar
23%
$66,153MetLife
23%
$67,610Marathon Petroleum
19%
$129,025Costco
19%
$43,939.9Nationwide
19%
$34,836.8Publix Super Markets
19%
$118,214Walgreens Boots Alliance
19%
$60,535Aetna
16%
$59,678.2Albertsons Cos.
16%
$91,568Phillips 66
16%
$153,143.8AmeriSource Bergen
16%
$42,687Liberty Mutual Insurance Group
13%
$53,767Humana
13%
$60,828Archer Daniels Midland
13%
$36,025.3TIAA
13%
$47,653HCA Healthcare
13%
$38,260Tyson Foods
13%
$90,039.4Anthem
13%
$32,845.1Rite Aid
10%
$59,837United Technologies
10%
$129,976Cardinal Health
10%
$30,015.8USAA
6%
$55,371.1Sysco
6%
$66,217Procter & Gamble
6%
$62,683DowDuPont
6%
$33,531Exelon
6%
$48,572Centene
6%
$31,934.8CHS
3%
$42,296New York Life Insurance
3%
$88,407Valero Energy
3%
$41,581Charter Communications
3%
$36,775Tech Data
3%
$34,204Andeavor
0%
$33,695.5World Fuel Services
0%
$35,864.7TJX
0%
$33,495.4Massachusetts Mutual Life Insurance
0%
$47,487Energy Transfer Equity
0%

Score Distribution

Percentile by Number Answered

Percent of People with Each Score

Your Score History

You have not taken this quiz